Kesembuhan melalui pijat refleksi /

Gespeichert in:
Bibliographische Detailangaben
Weitere Verfasser: Mark S.
Format: Buch
Sprache:Indonesian
Veröffentlicht: Surabaya : Mawar, [between 1972 and 1990]
Schriftenreihe:Penemuan baru
Schlagworte:
LEADER 00863nam a2200241 a 4500
001 c000211774
003 CARM
005 20021203045300.0
008 910201q19721990io 00000 ind d
019 1 |a 7376650  |z 7723907  |z 7645952  |5 LACONCORD2021 
035 |a (OCoLC)220771079  |5 LACONCORD2021 
040 |a NUN  |c NUN 
245 0 0 |a Kesembuhan melalui pijat refleksi /  |c disusun oleh Mark S. 
260 |a Surabaya :  |b Mawar,  |c [between 1972 and 1990] 
300 |a 52 p. :  |b ill. (some col.) 
440 0 |a Penemuan baru 
650 0 |a Reflexotherapy. 
650 0 |a Pied. 
650 0 |a Manipulation (Therapeutics) 
700 0 |a Mark S. 
852 8 |b CARM  |h A2:AP20A0  |i B06671  |p 0308090  |f BK 
999 f f |i 8e0c076b-3454-5c63-8c40-060b172c0d12  |s 6d804b2c-6327-561a-a0ed-cd7386532f6b 
952 f f |p Can circulate  |a CAVAL  |b CAVAL  |c CAVAL  |d CARM 1 Store  |e B06671  |f A2:AP20A0  |h Other scheme  |i book  |m 0308090